000 00444nam a22001217a 4500
999 _c21645
_d21645
008 240916b ||||| |||| 00| 0 eng d
100 _aPiso, Sixto J.
_eauthor.
_961083
245 _aIncome generating project :
_bxerox center /
_cSixto J. Piso.
260 _aPhilippines;
_bPublishers Association of the Philippines, Inc.,
_cJanuary 2018.
300 _aVolume 66, pages 291-292.
700 _aPiso, Sixto J.
_eauthor.
_961083
942 _2ddc
_cPER